Lennon or Lenin? Quiz Stats

Quiz Updated Aug 1, 2013

Challenge
Share
Tweet
Embed
Score 0/20 Timer 06:00
0 Plays Today
Lenin/Lennon Quote Vlad (V) or John (J) % Correct
Any cook should be able to run the country.???
86.3%
A lie told often enough becomes truth.???
82%
If everyone demanded peace instead of another television set, then there [would] be peace.???
81.5%
Without a revolutionary theory there cannot be a revolutionary movement.???
80.1%
Everybody loves you when you're six foot in the ground.???
78.2%
When there is a state there can be no freedom, but when there is freedom there will be no state.???
77.4%
It is impossible to predict the time and progress of revolution. It is governed by its own more or less mysterious laws.???
77.3%
Our society is run by insane people for insane objectives.???
72.9%
Crime is a product of social excess.???
70.4%
There are no morals in politics; there is only expedience.???
69.2%
Lenin/Lennon Quote Vlad (V) or John (J) % Correct
Can a nation be free if it oppresses other nations????
69%
Trying to please everybody is impossible - if you did that, you'd end up in the middle with nobody liking you.???
66.5%
Paranoia is just a heightened sense of awareness.???
64.4%
Human knowledge is not (or does not follow) a straight line, but a curve... a spiral.???
61.1%
Christianity will go. It will vanish and shrink.???
57.9%
There are two basic motivating forces: fear and love.???
53.2%
God is a concept by which we measure our pain.???
45.8%
There are decades where nothing happens; and there are weeks where decades happen.???
37.4%
I am a violent man who has learned not to be violent and regrets his violence.???
36.1%
It is, of course, much easier to shout, abuse, and howl than to attempt to relate, to explain.???
31.1%

You're not logged in!

Compare scores with friends on all Sporcle quizzes.
Join for Free
OR
Log In

You Might Also Like...

Show Comments

Extras

Top Quizzes Today


Score Distribution

Your Account Isn't Verified!

In order to create a playlist on Sporcle, you need to verify the email address you used during registration. Go to your Sporcle Settings to finish the process.

Report this User

Report this user for behavior that violates our Community Guidelines.

Details: